Online katalóg knižníc regiónu Turca

Strigôňove Vianoce (Record no. 21706)

MARC details
000 -LEADER
fixed length control field 01753cam a2200493 a 4500
001 - CONTROL NUMBER
control field 21706
003 - CONTROL NUMBER IDENTIFIER
control field VRT
005 - DATE AND TIME OF LATEST TRANSACTION
control field 20260309100100.0
008 - FIXED-LENGTH DATA ELEMENTS--GENERAL INFORMATION
fixed length control field 240226s2003 xo a br 000 f slo
015 ## - NATIONAL BIBLIOGRAPHY NUMBER
National bibliography number SNBA2003/12-04947
020 ## - INTERNATIONAL STANDARD BOOK NUMBER
International Standard Book Number 805510686X
Qualifying information (viazané)
035 ## - SYSTEM CONTROL NUMBER
System control number SNK000420315
035 ## - SYSTEM CONTROL NUMBER
System control number urn:nbn:sk:snk-am3ix74
035 ## - SYSTEM CONTROL NUMBER
System control number 1E4D0A6C-7C59-4B0F-B6B7-6C9AD0A5E7FD
035 ## - SYSTEM CONTROL NUMBER
System control number urn:nbn:sk:snk-am00g45q
039 #9 - LEVEL OF BIBLIOGRAPHIC CONTROL AND CODING DETAIL [OBSOLETE]
Level of rules in bibliographic description 202501160924
Level of effort used to assign nonsubject heading access points AUTHORITY
Level of effort used to assign subject headings 202409100734
Level of effort used to assign classification AUTHORITY
Level of effort used to assign subject headings 202409100732
Level of effort used to assign classification AUTHORITY
Level of effort used to assign subject headings 202409100720
Level of effort used to assign classification AUTHORITY
040 ## - CATALOGING SOURCE
Original cataloging agency SNK
Language of cataloging slo
Transcribing agency SNK
Description conventions AACR2
041 0# - LANGUAGE CODE
Language code of text/sound track or separate title slo
044 ## - COUNTRY OF PUBLISHING/PRODUCING ENTITY CODE
MARC country code xo
ISO country code SK
072 #7 - SUBJECT CATEGORY CODE
Subject category code 821.162.4-3
Subject category code subdivision Slovenská próza
Source konspekt
072 #7 - SUBJECT CATEGORY CODE
Subject category code 821-93
Subject category code subdivision Literatúra pre deti a mládež (beletria)
Source konspekt
080 ## - UNIVERSAL DECIMAL CLASSIFICATION NUMBER
Universal Decimal Classification number 821.162.4-93
Edition identifier 1997
080 ## - UNIVERSAL DECIMAL CLASSIFICATION NUMBER
Universal Decimal Classification number 821.162.4-3(0.053.2)
Edition identifier 1997
080 ## - UNIVERSAL DECIMAL CLASSIFICATION NUMBER
Universal Decimal Classification number 821.162.4-34
Edition identifier 2011
080 ## - UNIVERSAL DECIMAL CLASSIFICATION NUMBER
Universal Decimal Classification number 82-34:808.1
Edition identifier 2011
080 ## - UNIVERSAL DECIMAL CLASSIFICATION NUMBER
Universal Decimal Classification number 82-93-053.4/.5
Edition identifier 2011
100 1# - MAIN ENTRY--PERSONAL NAME
Personal name Balco, Július,
Dates associated with a name 1948-2021
Relationship aut
245 10 - TITLE STATEMENT
Title Strigôňove Vianoce
Statement of responsibility, etc. Július Balco ; [ilustrovala Oľga Bajusová-Šintajová]
250 ## - EDITION STATEMENT
Edition statement 1. vyd.
260 ## - PUBLICATION, DISTRIBUTION, ETC.
Place of publication, distribution, etc. Bratislava
Name of publisher, distributor, etc. Ikar
Date of publication, distribution, etc. 2003
300 ## - PHYSICAL DESCRIPTION
Extent 91 strán
Other physical details farebné ilustrácie
Dimensions 24 cm
500 ## - GENERAL NOTE
General note Farebná ilustrácia na frontispice
655 #7 - INDEX TERM--GENRE/FORM
Genre/form data or focus term slovenské rozprávky
Source of term SNKPH
655 #7 - INDEX TERM--GENRE/FORM
Genre/form data or focus term literatúra pre deti
Source of term SNKPH
655 #7 - INDEX TERM--GENRE/FORM
Genre/form data or focus term autorské rozprávky
Source of term SNKPH
700 1# - ADDED ENTRY--PERSONAL NAME
Personal name Bajusová, Oľga,
Dates associated with a name 1954-2012
Relationship ill
910 ## - USER-OPTION DATA (OCLC)
User-option data snk
942 ## - ADDED ENTRY ELEMENTS (KOHA)
Source of classification or shelving scheme Dewey Decimal Classification
Koha item type Krásna literatúra pre deti
Suppress in OPAC No
949 ## - LOCAL PROCESSING INFORMATION (OCLC)
6 17A0405610
a snkSC 113966
b snkKSP 15618/2003
s 6100:20210716
949 ## - LOCAL PROCESSING INFORMATION (OCLC)
6 17A0405609
a snkSC 113966 D1
b snkKSP 15619/2003
949 ## - LOCAL PROCESSING INFORMATION (OCLC)
6 273K0128379
a svkpoB 72210
b svkpo463914
949 ## - LOCAL PROCESSING INFORMATION (OCLC)
6 2889369107
a savukPV 6668
949 ## - LOCAL PROCESSING INFORMATION (OCLC)
6 270001000229243
a svkbbB 35484
p 652.642
Holdings
Stav vyradenia Strata Poškodenie Spôsob nadobudnutia Domovská knižnica Aktuálna knižnica Dátum nadobudnutia Total checkouts Čiarový kód exemplára Date last seen Typ exemplára
      Dar Obecná knižnica Turčianska Štiavnička Obecná knižnica Turčianska Štiavnička 09.03.2026   4738000300 09.03.2026 Krásna literatúra pre deti
Projekt je podporený Slovenskou asociáciou knižníc
Prevádzkuje Turčianska knižnica Martin 2026